000 00233nam a2200097Ia 4500
001 1052807
005 20250827001252.0
008 250824s9999 xx 000 0 und d
245 0 _aÇALINAN MEKTUP
_cEDGAR ALLAN POE
260 _bKETEBE
999 _c1052807
_d1052807